000 00345 a2200157 4500
001 47506
020 _a9788536642772
040 _cAnchieta - Aquarius
100 _aHeine, Palmira
240 1 0 _aO autor é você
_lpor
245 1 0 _aO autor é você
300 _a24p.
362 0 _a2015
650 4 _aLiteratura infanto-juvenil
942 _cBK
999 _c47506
_d47506